Global financial markets

Αποθηκεύτηκε σε:
Λεπτομέρειες βιβλιογραφικής εγγραφής
Κύριος συγγραφέας: Giddy, Ian H.
Μορφή: Βιβλίο
Γλώσσα:English
Δημοσίευση: Lexington, Massachusetts : D.C. Heath, c1994
Θέματα:
Ετικέτες: Προσθήκη ετικέτας
Δεν υπάρχουν, Καταχωρήστε ετικέτα πρώτοι!

MARC

LEADER 00000cam a2200000 i 4500
001 1/17857
008 010305s1994 eng d
020 |a 0-669-24605-0 
035 |l 10066285 
040 |a GR-MY-UA  |b gre  |e aacr 
041 0 |a eng 
082 0 |a 332.042 
100 1 |a Giddy, Ian H. 
245 1 0 |a Global financial markets /  |c Ian H. Giddy 
260 |a Lexington, Massachusetts :   |b D.C. Heath,   |c c1994 
300 |a xix, 583 p. 
504 |a Includes index 
650 0 0 |a International finance. 
650 0 0 |a Capital market. 
852 |a INST  |b CHIOS  |e 20010305  |h 332.042 GID  |p 005200016660  |q 005200016660  |t BK  |y 0 
901 |a BIBL2-2001-1 
909 |a Χ  |b 083172 
970 |a ΣΠΕΝΤΖΑ  |b ΕΛΕΝΗ  |z 2001/03/05